书目信息 |
| 题名: |
等你爱我
|
|
| 作者: | 敏子 著 | |
| 分册: | ||
| 出版信息: | 北京 大众文艺出版社 2009.01 |
|
| 页数: | 202页 | |
| 开本: | 20cm | |
| 丛书名: | ||
| 单 册: | ||
| 中图分类: | I247.57 | |
| 科图分类: | ||
| 主题词: | 长篇小说--chang pian xiao shuo--中国--当代 | |
| 电子资源: | ||
| ISBN: | 978-7-80171-070-3 | |
| 000 | 00900nam2 2200253 450 | |
| 001 | 0933894594 | |
| 005 | 20091101092547.01 | |
| 010 | @a978-7-80171-070-3@dCNY29.80 | |
| 100 | @a20090828d2009 ekmy0chiy0121 ea | |
| 101 | 0 | @achi |
| 102 | @aCN@b110000 | |
| 105 | @ay z 000ay | |
| 200 | 1 | @a等你爱我@Adeng ni ai wo@f敏子著 |
| 210 | @a北京@c大众文艺出版社@d2009.01 | |
| 215 | @a202页@d20cm | |
| 225 | 2 | @Axiao hong ma cong shu |
| 330 | @a本书主要内容:女记者赵斯爱上有妇之夫周亦方,从些展开了一场纠缠不清的婚外恋情。赵斯如何解释自己的痴情,周亦方如何解决自己的迷情,还有相关人等如何这个玫瑰旋涡中捍卫自己的利益……等内容。 | |
| 410 | 0 | @1410 0@a12001 @a小红马丛书 |
| 410 | 0 | @12001 @Axiao hong ma cong shu |
| 606 | 0 | @a长篇小说@Achang pian xiao shuo@y中国@z当代 |
| 690 | @aI247.57@v4 | |
| 701 | 0 | @a敏子@Amin zi@4著 |
| 801 | 0 | @aCN@b海天@c20091101 |
| 905 | @dI247.57@eM8005@fI247.5/M8004 | |
| 等你爱我/敏子著.-北京:大众文艺出版社,2009.01 |
| 202页;20cm |
| ISBN 978-7-80171-070-3:CNY29.80 |
| 本书主要内容:女记者赵斯爱上有妇之夫周亦方,从些展开了一场纠缠不清的婚外恋情。赵斯如何解释自己的痴情,周亦方如何解决自己的迷情,还有相关人等如何这个玫瑰旋涡中捍卫自己的利益……等内容。 |
| ● |
| 相关链接 |
|
|
|
正题名:等你爱我
索取号:I247.57/M8005
 
预约/预借
| 序号 | 登录号 | 条形码 | 馆藏地/架位号 | 状态 | 备注 |
| 1 | 657319 | 206573199 | 社科二线400B/400B社科库 20排1列3层/ [索取号:I247.57/M8005] | 在馆 | |
| 2 | 657320 | 206573206 | 社科二线400B/400B社科库 20排1列3层/ [索取号:I247.57/M8005] | 在馆 |